000
00292nam a2200133Ia 4500
005
20251222141840.0
008
251222s9999||||xx |||||||||||||| ||spa||
020
_a
84-413-0119-0
082
_a
949.5/S47
100
_a
Sherrard, Philip
245
0
_a
Bizancio
264
_b
Folio
942
_c
LIB
999
_c
7377
_d
7377